| 000 | 00854nam0a22002411 4500 | ||
|---|---|---|---|
| 001 | v19\rc\2015296 | ||
| 005 | 20090910174233.1 | ||
| 035 | _a(NLR Aleph) 005273042 | ||
| 090 |
_a6019597 _c6019597 |
||
| 100 | _a20080925d1902 |||y0rusy50 ca | ||
| 101 | 0 | _arus | |
| 102 | _aRU | ||
| 105 | _aa z ||||| | ||
| 200 | 1 |
_aТарас Бульба. Н.В. Гоголя _eЮбилейный альбом |
|
| 210 |
_aСанкт-Петербург _cМ. Конради _dценз. 1902 |
||
| 215 |
_a12 с. _cцв. ил. на одном складном л. _d9х15 |
||
| 702 | 1 |
_aГоголь _bН. В. _f1809-1852 _gНиколай Васильевич _3RU\NLR\AUTH\773480 _4570 _7ca |
|
| 801 | 0 |
_aRU _bNLR _c20080925 _gpsbo |
|
| 801 | 1 |
_aRU _bProSoft-M _c20080925 _2rusmarc |
|
| 801 | 2 |
_aRU _bNLR _c20090910 _2rusmarc |
|
| 852 |
_aNLR _j34.50.7.708 |
||
| 942 | _cBOOK | ||
| 980 | _aNB | ||